00841nam a2200169 a 450000100100000000500170001000800410002704000250006824500600009326000760015330000360022950001640026504900090042995201110043895201050054999900170065400002921320200930055412.0110414s2008 dr ad 000 0 spa d aDO-SdBNPbspacBNPHU00aDR-CAFTA :bun año despues resultados y perspectivas. aSanto Domingo :bSecretaría de Estado de Industria y Comercio,c2008. a33 p. :bil., gráf. ;c27 cm. aDiscurso pronunciado por el Lic. Melanio A. Paredes P. secretario de Estado de Industria y Comercio en el armuerzo mensual de la Cámara Americana de Comercio aBNPD 0010718PDaPDbPDcCTd2011-04-14iLF1l0o p29213-10r2020-06-25te. 2w2020-06-25yLFPDZNo se presta 0010718PDaPDbPDcCTd2011-04-14iLF1l0o p29213-20r2020-06-25w2020-06-25yLFPDZNo se presta c28705d28705